[Event "23rd European Teams"]
[Site "Terme Catez SLO"]
[Date "2021.11.20"]
[Round "8.13"]
[Board "4"]
[White "Martinovic, Sasa"]
[Black "Seo, Jung Min"]
[Result "1/2-1/2"]
[WhiteTitle "GM"]
[BlackTitle "IM"]
[WhiteElo "2542"]
[BlackElo "2455"]
[WhiteTeam "Croatia"]
[BlackTeam "Sweden"]
[WhiteFideId "14509792"]
[BlackFideId "1734687"]
[EventDate "2021.11.12"]

1. d4 Nf6 2. c4 e6 3. Nc3 Bb4 4. Qc2 O-O 5. Nf3 c5 6. dxc5 Na6 7. g3 Nxc5 8. Bg2
b6 9. O-O Bb7 10. Nb5 Be4 11. Qd1 Nb7 12. a3 Be7 13. Bf4 a6 14. Nc3 Bc6 15. b4
Rc8 16. Qd3 a5 17. Rab1 axb4 18. axb4 d5 19. cxd5 Nxd5 20. Nxd5 Bxd5 21. Rfd1
Qe8 22. Ne5 Bxg2 23. Kxg2 Bd6 24. Qe4 Bxe5 25. Bxe5 Qe7 26. Ra1 Rfd8 27. Rxd8+
Nxd8 28. Ra6 f6 29. Bf4 b5 30. Rb6 Qd7 31. Qd3 Qxd3 32. exd3 e5 33. Be3 Nc6 34.
Rxb5 Rd8 35. Rb6 Ne7 36. Bc5 Nd5 37. Rb7 Nc3 38. b5 Rxd3 39. b6 Na4 40. Be3 Rb3
41. g4 h6 42. Kf3 Rb4 43. h3 Kh7 44. h4 h5 45. gxh5 f5 46. Rc7 f4 47. Bc5 Rb3+
48. Kg4 Nxc5 49. Rxc5 Rxb6 50. Rxe5 Rb2 51. f3 Rg2+ 52. Kxf4 Kh6 53. Rg5 Rh2 54.
Kg3 Rh1 55. f4 Rg1+ 56. Kf3 Ra1 57. Kg4 Kh7 58. Re5 Rg1+ 59. Kf3 Rh1 60. Kg3
Rg1+ 61. Kf2 Rg4 62. Kf3 Rxh4 63. Kg3 Rh1 64. Kg4 Rg1+ 65. Kf5 Rh1 66. Ke6 Kh6
67. Kf7 Rxh5 68. Rxh5+ Kxh5 69. Kxg7 Kg4 70. f5 Kxf5 1/2-1/2

[Event "23rd European Teams"]
[Site "Terme Catez SLO"]
[Date "2021.11.20"]
[Round "8.14"]
[Board "1"]
[White "Agopov, Mikael"]
[Black "Ragger, Markus"]
[Result "1/2-1/2"]
[WhiteTitle "IM"]
[BlackTitle "GM"]
[WhiteElo "2430"]
[BlackElo "2668"]
[WhiteTeam "Finland"]
[BlackTeam "Austria"]
[WhiteFideId "501840"]
[BlackFideId "1610856"]
[EventDate "2021.11.12"]

1. e4 e5 2. Nf3 Nc6 3. Bb5 a6 4. Ba4 Nf6 5. O-O Be7 6. Re1 b5 7. Bb3 O-O 8. c3
d5 9. exd5 Nxd5 10. Nxe5 Nxe5 11. Rxe5 c6 12. d4 Bd6 13. Re1 Qh4 14. g3 Qh3 15.
Be3 Bg4 16. Qd3 Rae8 17. Nd2 f5 18. Qf1 Qh5 19. f3 Bh3 20. Qf2 g5 21. f4 Kh8 22.
Bxd5 cxd5 23. fxg5 f4 24. Bxf4 Rxe1+ 25. Rxe1 Bxf4 26. gxf4 Qg4+ 27. Qg3 Rxf4
28. Qxg4 Rxg4+ 29. Kf2 Rg2+ 30. Ke3 Rxh2 31. Re2 Rh1 32. Kf4 Rg1 33. Rh2 Bc8 34.
Nf3 Rg4+ 35. Ke5 Kg7 36. Rh6 Re4+ 37. Kxd5 Re2 38. Ne5 Rxb2 39. Kc5 Rxa2 40. Rc6
Bh3 41. d5 Rc2 42. Kb6 Rd2 43. d6 Kf8 44. Kc7 a5 45. d7 Bxd7 46. Nxd7+ Ke7 47.
Nf6 b4 48. cxb4 axb4 49. Nxh7 b3 50. Nf6 Rc2 51. Nd5+ Kf7 52. Nc3 b2 53. Nb1
Rxc6+ 54. Kxc6 Kg6 55. Kc5 1/2-1/2

[Event "23rd European Teams"]
[Site "Terme Catez SLO"]
[Date "2021.11.20"]
[Round "8.14"]
[Board "3"]
[White "Nyysti, Sampsa"]
[Black "Shengelia, David"]
[Result "1/2-1/2"]
[WhiteTitle "IM"]
[BlackTitle "GM"]
[WhiteElo "2325"]
[BlackElo "2513"]
[WhiteTeam "Finland"]
[BlackTeam "Austria"]
[WhiteFideId "502138"]
[BlackFideId "13601270"]
[EventDate "2021.11.12"]

1. e4 c6 2. d4 d5 3. Nd2 dxe4 4. Nxe4 Nd7 5. Nf3 Ngf6 6. Nxf6+ Nxf6 7. c3 Bg4 8.
Be2 e6 9. Ne5 Bxe2 10. Qxe2 Be7 11. Bf4 Qd5 12. O-O O-O 13. a4 Rad8 14. Rfd1 Qe4
15. Qxe4 Nxe4 16. a5 a6 17. f3 Nd6 18. Nd3 Nb5 19. Kf2 f6 20. Bg3 Kf7 21. Rac1
Rd7 22. b4 Rfd8 23. Ke2 Bf8 24. Be1 g6 25. h3 Bd6 26. Bf2 e5 27. dxe5 Bxe5 28.
Nxe5+ fxe5 29. Rxd7+ Rxd7 30. Be3 Ke6 31. g4 e4 32. c4 exf3+ 33. Kxf3 Rf7+ 34.
Ke2 Nd6 35. Bg1 Rf4 36. Kd3 h5 37. Re1+ Kd7 38. gxh5 gxh5 39. Bc5 Rh4 40. Re3
Nxc4 41. Re7+ Kd8 42. Rxb7 Ne5+ 43. Ke3 Rxh3+ 44. Ke4 Nd7 45. Bd6 Rh4+ 46. Kd3
Rh3+ 47. Kc2 Nf6 48. Ra7 Ne4 49. Bc7+ Kd7 50. Bb6+ Kd6 51. Rxa6 Rc3+ 52. Kb2 Rc4
53. Kb3 Rc3+ 54. Ka4 Rf3 55. Bd4 Kd5 56. Bb2 Rf2 57. Ba3 h4 58. Ra8 Kc4 59. a6
Ra2 60. Rh8 Nc3+ 61. Ka5 Rxa3+ 62. Kb6 Nd5+ 63. Kb7 Kxb4 64. a7 c5 65. Rxh4+ c4
66. a8=Q Rxa8 67. Kxa8 Kb3 68. Rxc4 Kxc4 1/2-1/2

[Event "23rd European Teams"]
[Site "Terme Catez SLO"]
[Date "2021.11.20"]
[Round "8.16"]
[Board "1"]
[White "Laurusas, Tomas"]
[Black "Kanyamarala, Tarun"]
[Result "1-0"]
[WhiteTitle "IM"]
[BlackTitle "FM"]
[WhiteElo "2553"]
[BlackElo "2321"]
[WhiteTeam "Lithuania"]
[BlackTeam "Ireland"]
[WhiteFideId "12803731"]
[BlackFideId "45004714"]
[EventDate "2021.11.12"]

1. d4 Nf6 2. c4 e6 3. Nf3 d5 4. Nc3 Bb4 5. Bg5 h6 6. Bxf6 Qxf6 7. e3 O-O 8. Qb3
c5 9. cxd5 exd5 10. dxc5 Nc6 11. Bb5 d4 12. Bxc6 dxc3 13. Qxb4 cxb2 14. Rb1 Qxc6
15. O-O b6 16. cxb6 axb6 17. Nd4 Qd5 18. Rxb2 Bb7 19. f3 Rxa2 20. Qxb6 Rxb2 21.
Qxb2 Qe5 22. Re1 Rb8 23. Qf2 Rd8 24. Qh4 Rd6 25. Qf2 Rd7 26. Rc1 Rc7 27. Qd2 Rd7
28. Rc3 Qg5 29. Qc1 Re7 30. Qa3 Qh4 31. Rc1 Qg5 32. Rc3 Qh4 33. Qa1 Qg5 34. Qc1
Qe5 35. Qc2 Re8 36. Qf5 Qxf5 37. Nxf5 Bd5 38. Kf2 Be6 39. Nd4 Rd8 40. h4 Rd5 41.
Ra3 Kf8 42. Ra7 Bd7 43. g4 f5 44. gxf5 Bxf5 45. Kg3 Bd7 46. Kf4 Ke8 47. Ke4 Rh5
48. f4 g6 49. Ra6 Kf7 50. Nf3 Be8 51. Ne5+ Kg7 52. Re6 Kf8 53. Nxg6+ Bxg6+ 54.
Rxg6 Rxh4 55. Ke5 Kf7 56. Ra6 Rh1 57. f5 h5 58. Ra7+ Kg8 59. e4 h4 60. Kf6 Re1
61. e5 h3 62. Ra8+ Kh7 63. Ra4 Re3 64. Rg4 1-0

[Event "23rd European Teams"]
[Site "Terme Catez SLO"]
[Date "2021.11.20"]
[Round "8.16"]
[Board "2"]
[White "Jessel, Stephen"]
[Black "Kazakouski, Valery"]
[Result "0-1"]
[WhiteTitle "FM"]
[BlackTitle "IM"]
[WhiteElo "2297"]
[BlackElo "2490"]
[WhiteTeam "Ireland"]
[BlackTeam "Lithuania"]
[WhiteFideId "628859"]
[BlackFideId "13507443"]
[EventDate "2021.11.12"]

1. Nf3 Nf6 2. c4 e6 3. g3 d5 4. Bg2 dxc4 5. O-O c6 6. a4 Na6 7. Na3 Bxa3 8. Rxa3
O-O 9. a5 Qd5 10. b3 cxb3 11. Bb2 Rd8 12. d3 Qh5 13. Qa1 Ne8 14. Rxb3 f6 15. d4
Nd6 16. Rc1 Bd7 17. e3 c5 18. Ne1 Bc6 19. Bxc6 bxc6 20. Nd3 c4 21. Nf4 Qf3 22.
Ra3 Ne4 23. Rf1 Rab8 24. Bc3 Nc7 25. Ra4 g5 26. Ng2 Nd5 27. Rxc4 Qe2 28. Rxc6
Qb5 29. Rc5 Nxc5 30. dxc5 Kf7 31. Rc1 Rbc8 32. e4 Nxc3 33. Qxc3 Qd3 34. Qb4 Qd2
35. Qb7+ Rd7 36. Qb1 Rb8 37. Qa1 Rb2 38. Rf1 Rc7 39. Qa3 Qb4 40. Qf3 Rb1 41. Ne3
Rxf1+ 42. Kxf1 Kg6 43. Qg4 Qb1+ 44. Kg2 f5 45. Nxf5 Rxc5 46. Nh4+ Kf7 47. Nf3
Qb5 48. e5 h6 49. h4 Rc1 50. Nxg5+ hxg5 51. Qh5+ Kf8 52. Qh6+ Ke8 53. Qxe6+ Kd8
54. Qf6+ Kc8 55. Qf8+ Kb7 56. Qe7+ Ka6 57. Qf6+ Kxa5 58. Qd8+ Ka6 59. Qd6+ Qc6+
60. Qxc6+ Rxc6 61. hxg5 Kb7 62. f4 a5 63. f5 a4 64. g6 a3 65. g7 Rc8 66. f6 a2
67. f7 a1=Q 68. f8=Q Qa2+ 69. Kh3 Qe6+ 70. Kg2 Rc2+ 71. Kf3 Qc6+ 72. Kf4 Rf2+
73. Kg5 Qc1+ 74. Kg6 Qc2+ 75. Kg5 Qd2+ 76. Kg6 Qd3+ 77. Kh5 Qe2+ 78. Kh6 Rh2+
79. Kg6 Qe4+ 80. Kf7 Rf2+ 81. Ke6 Qc4+ 82. Ke7 Qc5+ 83. Ke8 Qb5+ 84. Kd8 Rd2+
85. Ke7 Qxe5+ 86. Kf7 Rf2+ 87. Kg6 Qxg3+ 88. Kh7 Qh3+ 89. Kg6 Qg4+ 90. Kh7 Qh5+
91. Kg8 Qd5+ 92. Kh7 Rh2+ 93. Kg6 Qh5+ 94. Kf6 Rf2+ 95. Ke6 Qh6+ 96. Ke7 Re2+
97. Kd7 Qc6+ 0-1

[Event "23rd European Teams"]
[Site "Terme Catez SLO"]
[Date "2021.11.20"]
[Round "8.18"]
[Board "2"]
[White "Pasko, Llambi"]
[Black "Bremner, Adam"]
[Result "1-0"]
[WhiteTitle "IM"]
[BlackTitle "CM"]
[WhiteElo "2417"]
[BlackElo "2204"]
[WhiteTeam "Albania"]
[BlackTeam "Scotland"]
[WhiteFideId "4701178"]
[BlackFideId "2400847"]
[EventDate "2021.11.12"]

1. d4 Nf6 2. c4 e6 3. Nf3 d5 4. e3 Be7 5. Nc3 O-O 6. Bd3 dxc4 7. Bxc4 a6 8. a4
c5 9. O-O Nc6 10. Qd3 Qc7 11. Rd1 Rd8 12. Qe2 b6 13. d5 exd5 14. Nxd5 Nxd5 15.
Bxd5 Bb7 16. e4 Bf6 17. Bg5 Nd4 18. Nxd4 Bxg5 19. Bxb7 Qxb7 20. Nf5 g6 21. Nd6
Qe7 22. Nc4 Rxd1+ 23. Rxd1 Rd8 24. Rxd8+ Qxd8 25. e5 Be7 26. g3 b5 27. axb5 axb5
28. Na3 b4 29. Nc4 Qd5 30. b3 h5 31. Qd2 Qe4 32. Qe3 Qd5 33. h4 Kg7 34. Kf1 Qd1+
35. Kg2 Qd5+ 36. Qf3 Qd4 37. Qb7 Kf8 38. Qc6 Kg7 39. Qf3 Kg8 40. Qe3 Qd5+ 41.
Qf3 Qd4 42. Kf1 Qa1+ 43. Ke2 Qa2+ 44. Nd2 Qa1 45. Qd5 Qa6+ 46. Kf3 Qc8 47. Kg2
Qf5 48. Nc4 Kg7 49. Ne3 Qc8 50. f4 Qa6 51. Kf3 Qa1 52. f5 gxf5 53. Nxf5+ Kf8 54.
Kg2 Qa2+ 55. Kh3 Qa6 56. Qf3 Qa1 57. g4 hxg4+ 58. Kxg4 Bd8 59. Qe3 Qd1+ 60. Kg3
Be7 61. Nxe7 Kxe7 62. Qxc5+ Ke8 63. Qc6+ Ke7 64. Qd6+ Qxd6 65. exd6+ Kxd6 66.
Kf4 Ke6 67. Kg5 f6+ 68. Kg6 f5 69. Kg5 Ke5 70. h5 Kd4 71. h6 Kc3 72. h7 Kxb3 73.
h8=Q Ka2 74. Qa8+ Kb2 75. Kxf5 b3 76. Ke4 Kc2 77. Qa4 Kc3 78. Qd4+ Kc2 79. Qc4+
Kb2 80. Kd3 Ka1 81. Qc1+ 1-0

[Event "23rd European Teams"]
[Site "Terme Catez SLO"]
[Date "2021.11.20"]
[Round "8.19"]
[Board "1"]
[White "Saraci, Nderim"]
[Black "Toczek, Grzegorz"]
[Result "1-0"]
[WhiteTitle "IM"]
[BlackTitle "FM"]
[WhiteElo "2486"]
[BlackElo "2296"]
[WhiteTeam "Kosovo"]
[BlackTeam "Wales"]
[WhiteFideId "6351921"]
[BlackFideId "1106457"]
[EventDate "2021.11.12"]

1. e4 c5 2. Nf3 d6 3. Bb5+ Nd7 4. O-O Nf6 5. d4 cxd4 6. Qxd4 e5 7. Qd3 Be7 8.
Bg5 O-O 9. Bxd7 Nxd7 10. Be3 Nf6 11. c4 Ng4 12. Nc3 f5 13. h3 fxe4 14. Nxe4 Nxe3
15. fxe3 Be6 16. Rad1 Rc8 17. b3 Rc6 18. Rd2 h6 19. Nc3 Qe8 20. Rdf2 Bd8 21. Ng5
Bf5 22. Qd5+ Kh8 23. Ne6 g6 24. Nxf8 1-0

[Event "23rd European Teams"]
[Site "Terme Catez SLO"]
[Date "2021.11.21"]
[Round "9.1"]
[Board "2"]
[White "Radjabov, Teimour"]
[Black "Vachier-Lagrave, Maxime"]
[Result "1/2-1/2"]
[WhiteTitle "GM"]
[BlackTitle "GM"]
[WhiteElo "2763"]
[BlackElo "2766"]
[WhiteTeam "Azerbaijan"]
[BlackTeam "France"]
[WhiteFideId "13400924"]
[BlackFideId "623539"]
[EventDate "2021.11.12"]

1. Nf3 c5 2. c4 Nc6 3. Nc3 e5 4. g3 g6 5. Bg2 Bg7 6. a3 Nge7 7. O-O O-O 8. Ne1
d6 9. Nc2 Be6 10. Ne3 Qd7 11. Ned5 Bh3 12. d3 Bxg2 13. Kxg2 f5 14. f3 Nxd5 15.
Nxd5 e4 16. Rb1 exf3+ 17. exf3 Rae8 18. Be3 Bd4 19. Bh6 Bg7 20. Be3 Bd4 21. Bh6
Bg7 22. Be3 1/2-1/2

[Event "23rd European Teams"]
[Site "Terme Catez SLO"]
[Date "2021.11.21"]
[Round "9.1"]
[Board "3"]
[White "Lagarde, Maxime"]
[Black "Mamedov, Rauf"]
[Result "1/2-1/2"]
[WhiteTitle "GM"]
[BlackTitle "GM"]
[WhiteElo "2647"]
[BlackElo "2673"]
[WhiteTeam "France"]
[BlackTeam "Azerbaijan"]
[WhiteFideId "662399"]
[BlackFideId "13401653"]
[EventDate "2021.11.12"]

1. e4 c5 2. Nf3 d6 3. d4 cxd4 4. Nxd4 Nf6 5. Nc3 Nc6 6. Bg5 e6 7. Qd3 Bd7 8.
O-O-O a6 9. Qg3 h6 10. Be3 Nxd4 11. Rxd4 e5 12. Rb4 b5 13. Be2 Rc8 14. Bd2 Qc7
15. Bd3 Be6 16. Kb1 Be7 17. Qxg7 Rg8 18. Qxh6 Rg6 19. Qe3 Qc5 20. Nd5 Rxg2 21.
Nxe7 Kxe7 22. a4 Rcg8 23. Qe1 Qxf2 24. Qxf2 Rxf2 25. Be1 Rfg2 26. Bg3 Nh5 27.
axb5 Nxg3 28. hxg3 R2xg3 29. Rc1 axb5 30. Rxb5 Kd7 31. b4 Kc6 32. Ra5 Rb8 33.
Ra6+ Rb6 34. Rxb6+ Kxb6 35. Rf1 Rg4 36. Kb2 Rh4 37. c4 Rh2+ 38. Kc3 Rh3 39. Kc2
Rh2+ 40. Kc3 Rh3 41. Kc2 1/2-1/2

[Event "23rd European Teams"]
[Site "Terme Catez SLO"]
[Date "2021.11.21"]
[Round "9.1"]
[Board "4"]
[White "Abasov, Nijat"]
[Black "Moussard, Jules"]
[Result "1/2-1/2"]
[WhiteTitle "GM"]
[BlackTitle "GM"]
[WhiteElo "2634"]
[BlackElo "2632"]
[WhiteTeam "Azerbaijan"]
[BlackTeam "France"]
[WhiteFideId "13402960"]
[BlackFideId "642908"]
[EventDate "2021.11.12"]

1. e4 e5 2. Nf3 Nf6 3. d4 Nxe4 4. Bd3 d5 5. Nxe5 Nd7 6. Nc3 Nxc3 7. bxc3 Nxe5 8.
dxe5 Bc5 9. O-O O-O 10. Rb1 Re8 11. Re1 c6 12. Qf3 b6 13. h3 Qh4 14. Be3 Bxe3
15. Rxe3 Qg5 16. Qe2 c5 17. Rg3 Qf4 18. Rf3 Qg5 19. Rg3 Qf4 20. Rf3 Qh6 21. c4
Be6 22. a4 dxc4 23. Bxc4 Bxc4 24. Qxc4 Qe6 25. Qxe6 Rxe6 26. a5 g6 27. Re3 Rd8
28. axb6 axb6 29. Kf1 Kg7 30. h4 Rd5 31. Rb5 Kf8 32. g3 Rdxe5 1/2-1/2

[Event "23rd European Teams"]
[Site "Terme Catez SLO"]
[Date "2021.11.21"]
[Round "9.2"]
[Board "2"]
[White "Martirosyan, Haik M."]
[Black "Volokitin, Andrei"]
[Result "0-1"]
[WhiteTitle "GM"]
[BlackTitle "GM"]
[WhiteElo "2624"]
[BlackElo "2656"]
[WhiteTeam "Armenia"]
[BlackTeam "Ukraine"]
[WhiteFideId "13306553"]
[BlackFideId "14107090"]
[EventDate "2021.11.12"]

1. d4 Nf6 2. c4 e6 3. Nf3 d5 4. Nc3 Bb4 5. cxd5 exd5 6. Bf4 Ne4 7. Rc1 Nc6 8.
Nd2 g5 9. Be3 Nxc3 10. bxc3 Ba3 11. Rb1 f5 12. g3 Bd6 13. Nf3 f4 14. Bc1 O-O 15.
Rb5 g4 16. Nh4 Ne7 17. e3 c6 18. Rb3 f3 19. Bd3 Ng6 20. Nxg6 hxg6 21. Qc2 Qe7
22. Bxg6 b5 23. Kd1 Kg7 24. Bd3 Be6 25. Re1 Rh8 26. e4 dxe4 27. Rxe4 Rxh2 28.
Qd2 Qf6 29. Qe3 Bf5 30. c4 Rah8 31. Re5 Bxd3 32. Rxd3 bxc4 33. Ba3 Rxf2 34. Qxf2
Bxe5 35. dxe5 Rh1+ 36. Kd2 Qh6+ 37. Kc3 Rc1+ 38. Kb4 cxd3 39. Qxa7+ Kg6 40. Bxc1
d2 41. Qe7 dxc1=Q 42. Qf6+ Kh7 43. Qf7+ Qg7 0-1

[Event "23rd European Teams"]
[Site "Terme Catez SLO"]
[Date "2021.11.21"]
[Round "9.2"]
[Board "3"]
[White "Shevchenko, Kirill"]
[Black "Hovhannisyan, Robert"]
[Result "1/2-1/2"]
[WhiteTitle "GM"]
[BlackTitle "GM"]
[WhiteElo "2647"]
[BlackElo "2622"]
[WhiteTeam "Ukraine"]
[BlackTeam "Armenia"]
[WhiteFideId "14129574"]
[BlackFideId "13302507"]
[EventDate "2021.11.12"]

1. Nf3 d5 2. g3 g6 3. c4 dxc4 4. Na3 Bg7 5. Nxc4 Nc6 6. d3 e5 7. Bd2 Nf6 8.
Ncxe5 Nxe5 9. Nxe5 O-O 10. Bg2 Re8 11. Bc3 Nd5 12. d4 Nxc3 13. bxc3 Bxe5 14.
dxe5 Qe7 15. f4 Rd8 16. Qb3 Qc5 17. Qb4 Qe3 18. Qe4 Qc5 19. Qb4 Qe3 20. Qe4 Qc5
21. Qb4 1/2-1/2

[Event "23rd European Teams"]
[Site "Terme Catez SLO"]
[Date "2021.11.21"]
[Round "9.2"]
[Board "4"]
[White "Ter-Sahakyan, Samvel"]
[Black "Onyshchuk, Volodymyr"]
[Result "1/2-1/2"]
[WhiteTitle "GM"]
[BlackTitle "GM"]
[WhiteElo "2615"]
[BlackElo "2622"]
[WhiteTeam "Armenia"]
[BlackTeam "Ukraine"]
[WhiteFideId "13302531"]
[BlackFideId "14114038"]
[EventDate "2021.11.12"]

1. e4 e5 2. Nf3 Nc6 3. Bb5 Nf6 4. d3 Bc5 5. O-O d6 6. Nc3 O-O 7. Na4 Bb6 8. c3
Ne7 9. Nxb6 axb6 10. Bg5 Ng6 11. Nh4 h6 12. Nxg6 fxg6 13. Bc4+ Kh8 14. Be3 g5
15. f3 Qe7 16. d4 g4 17. Bd3 gxf3 18. Qxf3 Be6 19. a3 Ng4 20. Qg3 Nxe3 21. Qxe3
Rxf1+ 22. Rxf1 Rf8 23. Rxf8+ Qxf8 24. Qf2 Qe7 25. h4 Kg8 26. Kh2 Qe8 27. dxe5
dxe5 28. Be2 Qg6 29. Qf3 Qf7 30. Qxf7+ Kxf7 31. Kg3 Bd7 32. Kf3 Ke7 33. Ke3 Kd6
34. Bc4 b5 35. Be2 b6 36. b4 c5 37. Kf2 Bc6 38. Kg3 Ke7 39. Kf3 Kd6 40. Ke3 Bd7
41. Bh5 cxb4 42. axb4 Ke7 43. Be2 Kd6 44. Kf3 Ke7 45. Kg3 Bc6 46. Kf2 Kd6 47. g3
Bd7 48. Kf3 Ke7 49. Bf1 Kd6 50. Ke3 Ke7 51. Be2 Kd6 52. Bd3 1/2-1/2

[Event "23rd European Teams"]
[Site "Terme Catez SLO"]
[Date "2021.11.21"]
[Round "9.3"]
[Board "1"]
[White "Shirov, Alexei"]
[Black "Giri, Anish"]
[Result "1/2-1/2"]
[WhiteTitle "GM"]
[BlackTitle "GM"]
[WhiteElo "2673"]
[BlackElo "2774"]
[WhiteTeam "Spain"]
[BlackTeam "Netherlands"]
[WhiteFideId "2209390"]
[BlackFideId "24116068"]
[EventDate "2021.11.12"]

1. e4 c5 2. Nc3 Nc6 3. Nge2 g6 4. d4 cxd4 5. Nxd4 Bg7 6. Be3 Nf6 7. Bc4 O-O 8.
Bb3 d6 9. f3 Qa5 10. Qd2 Nxd4 11. Bxd4 Be6 12. O-O-O b5 13. Nd5 Qxd2+ 14. Rxd2
Bxd5 15. Bxf6 Bxf6 16. Rxd5 Rab8 17. a3 Rfc8 18. c3 Rc5 19. Rhd1 Rxd5 20. Rxd5
Be5 21. g3 g5 22. Kc2 e6 23. Rd2 Kg7 24. Rf2 Kf8 25. f4 gxf4 26. gxf4 Bg7 27.
Rf3 a6 28. Rh3 h6 29. f5 Ke7 30. fxe6 fxe6 31. Rg3 Bf6 32. Rg6 h5 33. Rh6 Rh8
34. Rxh8 Bxh8 35. Kd3 1/2-1/2

[Event "23rd European Teams"]
[Site "Terme Catez SLO"]
[Date "2021.11.21"]
[Round "9.3"]
[Board "2"]
[White "Van Foreest, Lucas"]
[Black "Anton Guijarro, David"]
[Result "0-1"]
[WhiteTitle "GM"]
[BlackTitle "GM"]
[WhiteElo "2532"]
[BlackElo "2669"]
[WhiteTeam "Netherlands"]
[BlackTeam "Spain"]
[WhiteFideId "1039792"]
[BlackFideId "2285525"]
[EventDate "2021.11.12"]

1. e4 c6 2. d4 d5 3. exd5 cxd5 4. c4 Nf6 5. Nc3 e6 6. Nf3 dxc4 7. Bxc4 Be7 8.
O-O O-O 9. Re1 Nc6 10. a3 b6 11. d5 Na5 12. Ba2 Nxd5 13. Nxd5 exd5 14. Qxd5 Be6
15. Qxd8 Raxd8 16. Bxe6 fxe6 17. b4 Bf6 18. Rb1 Nc4 19. a4 Rd3 20. Rxe6 Na3 21.
Bxa3 Rxa3 22. b5 Rxa4 23. Rc6 Ra2 24. Rc7 Re8 25. g3 Ree2 26. Re1 Rxe1+ 27. Nxe1
Bd4 28. Nc2 Bc5 29. Ne3 h5 30. Nf5 g6 31. Ne7+ Kf7 32. Nc6+ Ke6 33. Nxa7 Bxf2+
34. Kf1 Bc5 35. Rc6+ Kf5 36. Nc8 Rf2+ 37. Ke1 Rxh2 38. Nxb6 Bf2+ 39. Kf1 Bxg3
40. Nd5 g5 41. Ne3+ Ke4 42. Ng2 h4 43. Rc4+ Kd3 44. Rg4 Rh1# 0-1

[Event "23rd European Teams"]
[Site "Terme Catez SLO"]
[Date "2021.11.21"]
[Round "9.3"]
[Board "3"]
[White "Salgado Lopez, Ivan"]
[Black "Van Foreest, Jorden"]
[Result "1/2-1/2"]
[WhiteTitle "GM"]
[BlackTitle "GM"]
[WhiteElo "2609"]
[BlackElo "2701"]
[WhiteTeam "Spain"]
[BlackTeam "Netherlands"]
[WhiteFideId "2257327"]
[BlackFideId "1039784"]
[EventDate "2021.11.12"]

1. d4 d5 2. c4 c6 3. Nf3 Nf6 4. e3 g6 5. Nc3 Bg7 6. Be2 O-O 7. O-O Re8 8. h3 e6
9. b3 Nbd7 10. a4 e5 11. cxd5 Nxd5 12. Nxd5 cxd5 13. dxe5 Nxe5 14. Nd4 Nc6 15.
Bb2 Qb6 16. Bb5 Bd7 17. a5 Qd8 18. a6 Nxd4 19. Bxd7 Qxd7 20. Bxd4 Bxd4 21. Qxd4
bxa6 22. Rxa6 Qb5 23. Rxa7 Rxa7 24. Qxa7 Qxb3 25. Qd4 Qc4 26. Qd2 Qe4 27. Rd1
Rb8 28. Qxd5 Qxd5 29. Rxd5 h5 30. g3 Kg7 31. Kg2 Rb2 32. Kf3 Ra2 33. e4 Ra3+ 34.
Kf4 h4 35. gxh4 Rxh3 36. Kg4 Rh1 37. h5 f5+ 38. exf5 gxh5+ 39. Kf4 h4 40. Rd7+
Kf6 41. Rd6+ Kf7 42. Rd7+ Kf6 43. Rh7 h3 44. Rh6+ Kg7 45. Rh5 Kf6 46. Rh7 Rf1
47. f3 Rh1 48. Rh6+ Kg7 49. Rh5 Kf7 50. Kg4 Rg1+ 51. Kf4 Rh1 52. Rh6 Kg7 53.
Rg6+ Kf7 54. Rh6 1/2-1/2

[Event "23rd European Teams"]
[Site "Terme Catez SLO"]
[Date "2021.11.21"]
[Round "9.3"]
[Board "4"]
[White "Warmerdam, Max"]
[Black "Santos Ruiz, Miguel"]
[Result "1/2-1/2"]
[WhiteTitle "GM"]
[BlackTitle "GM"]
[WhiteElo "2608"]
[BlackElo "2603"]
[WhiteTeam "Netherlands"]
[BlackTeam "Spain"]
[WhiteFideId "1048104"]
[BlackFideId "22291482"]
[EventDate "2021.11.12"]

1. e4 e5 2. Nf3 Nc6 3. d4 exd4 4. Nxd4 Nf6 5. Nxc6 bxc6 6. Bd3 d5 7. exd5 cxd5
8. O-O Be7 9. Re1 O-O 10. h3 c5 11. b3 Bb7 12. Nc3 Ne4 13. Bxe4 dxe4 14. Bb2 f5
15. Qe2 Bf6 16. Rad1 Qe8 17. Ba3 Bxc3 18. Qc4+ Rf7 19. Qxc3 f4 20. Rd6 Rd8 21.
Qxc5 Rfd7 22. Rxd7 Rxd7 23. Qg5 Qf7 24. g3 Rd2 25. Bb4 h6 26. Qxf4 Qxf4 27. gxf4
Rxc2 28. a3 Bd5 29. Re3 Rb2 30. Bc5 Rxb3 31. Bxa7 Rxe3 32. fxe3 Bc6 33. h4 h5
34. Kf2 Kf7 35. Bd4 g6 36. f5 gxf5 37. Kg3 Ke6 38. Kf4 Ba4 39. Kg5 Bd1 40. Kg6
Kd7 41. Kxf5 Bf3 42. a4 Kc8 43. a5 Kb7 44. Bb6 1/2-1/2

[Event "23rd European Teams"]
[Site "Terme Catez SLO"]
[Date "2021.11.21"]
[Round "9.4"]
[Board "1"]
[White "Jobava, Baadur"]
[Black "Duda, Jan-Krzysztof"]
[Result "0-1"]
[WhiteTitle "GM"]
[BlackTitle "GM"]
[WhiteElo "2582"]
[BlackElo "2756"]
[WhiteTeam "Georgia"]
[BlackTeam "Poland"]
[WhiteFideId "13601520"]
[BlackFideId "1170546"]
[EventDate "2021.11.12"]

1. e4 e6 2. d4 d5 3. Nc3 Bb4 4. exd5 exd5 5. Bd3 Nc6 6. Nf3 Bg4 7. O-O Nge7 8.
Ne2 Bxf3 9. gxf3 Qd7 10. c3 Bd6 11. Ng3 h5 12. Re1 O-O-O 13. a4 Rdg8 14. a5 h4
15. Nf1 Qh3 16. a6 g5 17. axb7+ Kb8 18. Rxe7 Bxe7 19. Ne3 g4 20. Bf1 gxf3+ 21.
Kh1 Qe6 22. Qxf3 Qg6 23. Qg2 Qf6 24. Nxd5 Qf5 25. Ne3 Rxg2 26. Nxf5 Rxf2 27. Bd3
Bd6 28. Nxd6 cxd6 29. b4 h3 30. b5 Nd8 31. b6 a5 32. Ba3 Nxb7 33. Re1 Rf3 34.
Ba6 Rxc3 35. Re7 Rxa3 36. Rxb7+ Ka8 37. Ra7+ Kb8 38. Rb7+ Kc8 39. Ra7+ Kd8 40.
Bf1 Re8 41. Kg1 Rb3 42. Ra8+ Ke7 0-1

[Event "23rd European Teams"]
[Site "Terme Catez SLO"]
[Date "2021.11.21"]
[Round "9.4"]
[Board "2"]
[White "Wojtaszek, Radoslaw"]
[Black "Sanikidze, Tornike"]
[Result "1-0"]
[WhiteTitle "GM"]
[BlackTitle "GM"]
[WhiteElo "2700"]
[BlackElo "2458"]
[WhiteTeam "Poland"]
[BlackTeam "Georgia"]
[WhiteFideId "1118358"]
[BlackFideId "13602608"]
[EventDate "2021.11.12"]

1. c4 Nf6 2. Nc3 e5 3. Nf3 Nc6 4. g3 d5 5. cxd5 Nxd5 6. Bg2 Nb6 7. O-O Be7 8. a3
O-O 9. b4 a6 10. d3 Re8 11. Bb2 Bf8 12. Rc1 Nd4 13. Nxd4 exd4 14. Ne4 c6 15. Nc5
a5 16. Re1 axb4 17. axb4 Nd5 18. Bxd4 Nxb4 19. Be3 Ra3 20. Bd2 Nd5 21. d4 b6 22.
Nd3 Ba6 23. Ne5 c5 24. Bg5 Nf6 25. Nc6 Qd6 26. Bf4 Qd7 27. d5 Ne4 28. Ne5 Qf5
29. Qc2 Rxe5 30. Bxe5 Qxf2+ 31. Kh1 f5 32. Rf1 Qe3 33. Rxf5 Nf2+ 34. Rxf2 Qxf2
35. Rf1 Qxe2 36. Qf5 Qxg2+ 37. Kxg2 1-0